Т. 5 (9-10); Архив русской революции; Падение Северной области; Воспоминания о революции в Закавказьи (1917-1920 гг.); Из прошлого провинциального интеллигента; Отчет о командировке из Добровольческой Армии в Сибирь в 1918 году; Пять лет в Советской России; Записки белогвардейца; Воспоминания курьера; Три встречи; Протоколы допроса адмирала Колчака чрезвычайной следственной комиссией в Иркутске в январе-феврале 1920 г.
| Parent link: | Архив русской революции: в 22 т./ авт. предисл. Г. Иоффе ; изд. И. В. Гессен.— [Репр. изд.].— , 1991-.— 5-250-01774-6 |
|---|---|
| Sumari: | Каждый том имеет свою нумерацию страниц. Загл. указано на корешке Репринтное воспроизведение издания 1923 г. (Берлин). |
| Idioma: | rus |
| Publicat: |
1991
|
| TOC: | Б. Соколов, Падение Северной области; Б. Байков, Воспоминания о революции в Закавказьи (1917-1920 гг.); Н. Плешко, Из прошлого провинциального интеллигента; Отчет о командировке из Добровольческой Армии в Сибирь в 1918 году; А. С. Изгоев, Пять лет в Советской России; Записки белогвардейца; А. Гефтер, Воспоминания курьера; Н. Савич, Три встречи; Протоколы допроса адмирала Колчака чрезвычайной следственной комиссией в Иркутске в январе-феврале 1920 г.; |
| Matèries: | |
| Format: | MixedMaterials Llibre |
| KOHA link: | https://koha.lib.tpu.ru/cgi-bin/koha/opac-detail.pl?biblionumber=169053 |
MARC
| LEADER | 00000nam2a2200000 4500 | ||
|---|---|---|---|
| 001 | 169053 | ||
| 005 | 20231101222810.0 | ||
| 010 | |a 5250020836 | ||
| 035 | |a (RuTPU)RU\TPU\book\183388 | ||
| 035 | |a RU\TPU\book\183280 | ||
| 090 | |a 169053 | ||
| 100 | |a 20091106e1991 km y0rusy50 ca | ||
| 101 | 0 | |a rus | |
| 102 | |a RU | ||
| 105 | |a y z 001zd | ||
| 200 | 0 | |a Т. 5 (9-10) | |
| 210 | |d 1991 | ||
| 215 | |a 304, 321 с. |d 27 см. | ||
| 300 | |a Каждый том имеет свою нумерацию страниц. | ||
| 300 | |a Загл. указано на корешке | ||
| 300 | |a Репринтное воспроизведение издания 1923 г. (Берлин). | ||
| 320 | |a Постраничные примечания. | ||
| 461 | 1 | |0 (RuTPU)RU\TPU\book\183161 |y 5-250-01774-6 |t Архив русской революции |o в 22 т. |f авт. предисл. Г. Иоффе ; изд. И. В. Гессен |h Т. 5 (9-10) |e [Репр. изд.] |d 1991- |s Русский архив | |
| 464 | |t Падение Северной области |f Б. Соколов | ||
| 464 | |t Воспоминания о революции в Закавказьи (1917-1920 гг.) |f Б. Байков | ||
| 464 | |t Из прошлого провинциального интеллигента |f Н. Плешко | ||
| 464 | |t Отчет о командировке из Добровольческой Армии в Сибирь в 1918 году | ||
| 464 | |t Пять лет в Советской России |f А. С. Изгоев | ||
| 464 | |t Записки белогвардейца | ||
| 464 | |t Воспоминания курьера |f А. Гефтер | ||
| 464 | |t Три встречи |f Н. Савич | ||
| 464 | |t Протоколы допроса адмирала Колчака чрезвычайной следственной комиссией в Иркутске в январе-феврале 1920 г. |a Савич, Н. | ||
| 600 | 1 | |a Колчак |g Александр Васильевич |b А. В. |c российский военачальник |c полярный исследователь |f 1873-1920 |2 stltpush |3 (RuTPU)RU\TPU\pers\1131 | |
| 606 | |a Белое движение |2 stltpush |3 (RuTPU)RU\TPU\subj\66217 |9 82430 | ||
| 610 | 1 | |a история | |
| 610 | 1 | |a Россия | |
| 610 | 1 | |a 20 век | |
| 610 | 1 | |a Октябрьская революция 1917 | |
| 610 | 1 | |a Октябрьская социалистическая революция | |
| 610 | 1 | |a исторические источники | |
| 610 | 1 | |a документы | |
| 610 | 1 | |a русская эмиграция | |
| 610 | 1 | |a воспоминания | |
| 610 | 1 | |a персоналии | |
| 610 | 1 | |a протоколы | |
| 610 | 1 | |a Закавказье | |
| 610 | 1 | |a Сибирь | |
| 686 | |a Т3(2)612-414.8 |v LBC/SL-A |2 rubbk | ||
| 686 | |a Ч611.68 |v LBC/SL-A |2 rubbk | ||
| 801 | 1 | |a RU |b 63413507 |c 20091103 | |
| 801 | 2 | |a RU |b 63413507 |c 20180201 |g RCR | |
| 942 | |c BK | ||